<?xml version="1.0" encoding="UTF-8"?>
<record
    xmlns:xsi="http://www.w3.org/2001/XMLSchema-instance"
    xsi:schemaLocation="http://www.loc.gov/MARC21/slim http://www.loc.gov/standards/marcxml/schema/MARC21slim.xsd"
    xmlns="http://www.loc.gov/MARC21/slim">

  <leader>00687cam a2200253   4500</leader>
  <controlfield tag="001">28146</controlfield>
  <datafield tag="010" ind1=" " ind2=" ">
    <subfield code="a">9722619020</subfield>
  </datafield>
  <controlfield tag="005">20220405165255.0</controlfield>
  <datafield tag="021" ind1=" " ind2=" ">
    <subfield code="a">PT</subfield>
    <subfield code="b">182062/02</subfield>
  </datafield>
  <datafield tag="090" ind1=" " ind2=" ">
    <subfield code="a">28146</subfield>
  </datafield>
  <datafield tag="100" ind1=" " ind2=" ">
    <subfield code="a">20070723d2002    c  y0pory5003    ba</subfield>
  </datafield>
  <datafield tag="101" ind1="0" ind2=" ">
    <subfield code="a">por</subfield>
  </datafield>
  <datafield tag="102" ind1=" " ind2=" ">
    <subfield code="a">PT</subfield>
  </datafield>
  <datafield tag="105" ind1=" " ind2=" ">
    <subfield code="a">a   z   001y </subfield>
  </datafield>
  <datafield tag="106" ind1=" " ind2=" ">
    <subfield code="a">r</subfield>
  </datafield>
  <datafield tag="930" ind1=" " ind2=" ">
    <subfield code="l">BECRE</subfield>
  </datafield>
  <datafield tag="675" ind1=" " ind2=" ">
    <subfield code="a">087.5</subfield>
    <subfield code="9">2104</subfield>
  </datafield>
  <datafield tag="675" ind1=" " ind2=" ">
    <subfield code="a">821.134.3-93"19"</subfield>
  </datafield>
  <datafield tag="700" ind1=" " ind2="1">
    <subfield code="a">Torrado,</subfield>
    <subfield code="b">Ant&#xF3;nio,</subfield>
    <subfield code="f">1939-</subfield>
    <subfield code="9">404</subfield>
  </datafield>
  <datafield tag="702" ind1=" " ind2="1">
    <subfield code="a">Lopes,</subfield>
    <subfield code="b">Maria Jo&#xE3;o</subfield>
    <subfield code="4">440</subfield>
    <subfield code="9">2398</subfield>
  </datafield>
  <datafield tag="200" ind1="1" ind2=" ">
    <subfield code="a">Hist&#xF3;rias tradicionais portuguesas contadas de novo</subfield>
    <subfield code="f">Ant&#xF3;nio Torrado</subfield>
    <subfield code="g">il. Maria Jo&#xE3;o Lopes</subfield>
  </datafield>
  <datafield tag="210" ind1=" " ind2=" ">
    <subfield code="a">Porto</subfield>
    <subfield code="c">Civiliza&#xE7;&#xE3;o,</subfield>
    <subfield code="d">D.L. 2002</subfield>
  </datafield>
  <datafield tag="215" ind1=" " ind2=" ">
    <subfield code="a">116 p.</subfield>
    <subfield code="c">il.</subfield>
    <subfield code="d">34 cm</subfield>
  </datafield>
  <datafield tag="990" ind1=" " ind2=" ">
    <subfield code="c">LIVROS</subfield>
  </datafield>
  <datafield tag="995" ind1=" " ind2=" ">
    <subfield code="0">0</subfield>
    <subfield code="1">0</subfield>
    <subfield code="9">38559</subfield>
    <subfield code="b">BEAGU</subfield>
    <subfield code="d">BEAGU</subfield>
    <subfield code="f">32BA</subfield>
    <subfield code="k">087.5 TOR</subfield>
    <subfield code="o">0</subfield>
    <subfield code="r">LIVROS</subfield>
    <subfield code="a">BEAGU</subfield>
    <subfield code="c">BEAGU</subfield>
    <subfield code="q">18</subfield>
  </datafield>
</record>
